MARKETING MANAGEMENT (Record no. 8243)

MARC details
000 -LEADER
fixed length control field 00469nam a22001817a 4500
005 - DATE AND TIME OF LATEST TRANSACTION
control field 20230403132911.0
008 - FIXED-LENGTH DATA ELEMENTS--GENERAL INFORMATION
fixed length control field 230329b |||||||| |||| 00| 0 eng d
020 ## - INTERNATIONAL STANDARD BOOK NUMBER
ISBN 978-9325982-40-6
041 ## - LANGUAGE CODE
Language code of text/sound track or separate title eng
082 ## - DEWEY DECIMAL CLASSIFICATION NUMBER
Classification number 658.8 KUM-M
100 ## - MAIN ENTRY--AUTHOR NAME
Personal name KUMAR,ARUN AND MEENAKSHI N
245 ## - TITLE STATEMENT
Title MARKETING MANAGEMENT
250 ## - EDITION STATEMENT
Edition statement 3rd ed.
260 ## - PUBLICATION, DISTRIBUTION, ETC. (IMPRINT)
Place of publication NEW DELHI
Name of publisher VIKASH PUBLISHING HOUSE
Year of publication 2016
300 ## - PHYSICAL DESCRIPTION
Number of Pages 668;P.
650 ## - SUBJECT ADDED ENTRY--TOPICAL TERM
Topical Term PHARMACY
General subdivision B.PHARMA
942 ## - ADDED ENTRY ELEMENTS (KOHA)
Koha item type Books
Holdings
Lost status Damaged status Collection code Home library Current library Shelving location Date acquired Source of acquisition Cost, normal purchase price Full call number Accession Number Koha item type
    Reference JRU Library JRU Library SHELF -11-B 23/03/2023 LOHIA BOOK INTERNATIONAL 660.00 658.8 KUM-M 27574 Books
    PHARMACY JRU Library JRU Library Shelf - 22- E 23/03/2023 LOHIA BOOK INTERNATIONAL 660.00 658.8 KUM-M 27575 Books
    PHARMACY JRU Library JRU Library Shelf - 22- E 23/03/2023 LOHIA BOOK INTERNATIONAL 660.00 658.8 KUM-M 27576 Books
    PHARMACY JRU Library JRU Library Shelf - 22- E 23/03/2023 LOHIA BOOK INTERNATIONAL 660.00 658.8 KUM-M 27577 Books
    PHARMACY JRU Library JRU Library Shelf - 22- E 23/03/2023 LOHIA BOOK INTERNATIONAL 660.00 658.8 KUM-M 27578 Books